| 000 | 01163nam a22002777a 4500 | ||
|---|---|---|---|
| 001 | 1271 | ||
| 005 | 20230810110325.0 | ||
| 008 | 230810b cb ||||| |||| 00| 0 khr d | ||
| 020 | _a9789996390432 | ||
| 040 |
_aFISKH _beng _cFISKH _dFISKH |
||
| 082 | _a796.63 | ||
| 100 | _aVisoth, Seng | ||
| 245 | _aយើងរៀនជិះកង់ / | ||
| 260 |
_aPhnom Penh : _bSipar, _c2021. |
||
| 300 |
_a16 pages : _bcolor illustrations ; _c17 × 20 cm |
||
| 490 | _aសៀវភៅកូនមាន់ | ||
| 505 | _aK | ||
| 520 | _aហ៊ីង ជាមួយនឹងមិត្តរបស់គេបីនាក់ទៀតរៀនជិះកង់។ ក្រោយមកហ៊ីងក៏អាចជិះកង់បានដោយខ្លួនឯង។ | ||
| 520 | _aBullfrog, along with three other friends, learned to ride a bicycle. Later on he can do it by himself. | ||
| 521 |
_a510
_bLexile estimate |
||
| 521 |
_aK
_bRaz-Plus |
||
| 650 |
_aBicycle _vTeaching _xFriendship |
||
| 650 |
_aកង់ _vបង្រៀន _xមិត្តភាព |
||
| 700 |
_aVisoth, Seng _cillustrator |
||
| 942 |
_2ddc _cBK _n0 |
||
| 999 |
_c1271 _d1271 |
||